000
00291nam a2200109Ia 4500
008
200302s9999 xx 000 0 und d
100
_a
Richard M. Pearl
245
_a
1001 Questions Answered A Bout the Mineral Kingdom
260
_b
Dover Publications Inc.
260
_c
1968
300
_a
326 P.,
999
_c
1345
_d
1345